000 00719 a2200205 4500
010 _aENG-89260
020 _c500.00
_a9788189239329
035 _aEN-72793
037 _bDBAD / PUB
082 1 4 _a907.2
090 _c10658
_d10658
100 1 _aGohit, Rajiv Kumar
245 1 _aResearch methodology in history /
_cby Rajiv Kumar Gohit
260 _aNew Delhi
_bMurari Lal & Sons
_c2007
270 _a4378/4B, Ansari Road, Darya Ganj,
_bNew Delhi
_c110 002
_k23261839, 23285119
300 _av, 248p.
_c22cm (Hb)
500 _aIncludes bibliographical references and index
942 _adpl
_cEN
_k907.2 / GOH
999 _c10364
_d10364